000 00953nam a2200277 i 4500
003 DO-SdBNP
005 20230904134901.0
007 ta
008 221031b2023 dr d||er ||| 00| 0 spa d
020 _a9789915953038
040 _aDO-SdBNP
_bspa
_cBNPHU
_erda
082 4 _222
_axxxxx
_bB585
100 _aBidó, Camila
_984049
245 1 0 _aJusticia de género, centrales :
_blas mujeres y la agenda de la justicia de género en el sindicalismo de América Latina y el Caribe /
_cCamila Bidó
264 1 _aMontevideo, Uruguay :
_bFriedrich Ebert Stiftung,
_c2023.
300 _a24 páginas
_c30 cm.
336 _2rdacontent
_atexto
_btxt
337 _2rdamedia
_asin mediación
_bn
338 _2rdacurrier
_avolumen
_bnc
500 _aIncluye datos biográficos de la autora en la última página.
500 _aCaribe.
590 _aInventariado, 2023/ YL
650 4 _aPobreza y desempleo
_983923
910 _aYLockward
942 _2ddc
_cLF2
999 _c54611
_d54611